| 000 | 00747nam a22002057a 4500 | ||
|---|---|---|---|
| 005 | 2010081904394.0 | ||
| 010 | _aENG-100998 | ||
| 020 |
_a9788132102984 _c695.00 |
||
| 035 | _aEN-84531 | ||
| 037 | _bDBAD/PUB | ||
| 082 | _a332 | ||
| 100 |
_aSrinivasan N _915214 |
||
| 245 |
_aMicrofinance India state of the sector report 2009 / _cby N Srinivasan |
||
| 260 |
_aNew Delhi _bSAGE Publications India _c2009 |
||
| 270 |
_aB 1/I-1 Mohan Cooperative Industrial Area Mathura Road _bNew Delhi _e110044 |
||
| 300 |
_axvi,160P _c28cm (pbk) |
||
| 500 | _aIncludes bibliographical references | ||
| 942 |
_2ddc _cEN _h332 _mSRI |
||
| 999 |
_c42561 _d42561 |
||